00281nam a2200109 a 4500008004100000050001900041100001600060245002900076260004000105300001700145350000900162120416s1974 ||||||||||||||||| || u aNA 2543.S6 Dea aDeasy, C. M10aDesign for human affairs aNew YorkbJohn Wiley and Sonsc1974 a183p. : ill. a0.00